[Event "La Dorada op"]
[Site "La Dorada"]
[Date "2021.09.04"]
[Round "2"]
[White "Villa Reyes, Pablo Anselmo"]
[Black "Martinez Cardona, Cristian Andres"]
[Result "0-1"]
[WhiteElo "1534"]
[BlackElo "1968"]
[PlyCount "21"]
[EventDate "2021.09.03"]
[EventType "swiss"]
[EventRounds "7"]
[EventCountry "COL"]
[SourceTitle "EXT 2022"]
[Source "ChessBase"]
[SourceDate "2021.10.06"]
[SourceVersion "1"]
[SourceVersionDate "2021.10.06"]
[SourceQuality "1"]

1. d4 Nf6 2. c4 g6 3. Nc3 d5 4. Bg5 Bg7 5. e3 0-0 6. Qc2 c5 7. Nf3 Nc6 8. 0-0-0 a6 9. Qb3 Ne4 10. Nxd5 Na5 11. Qb4 0-1

[Event "COL sub zt 2.3.4"]
[Site "La Dorada"]
[Date "2016.11.04"]
[Round "4"]
[White "Zapata, Alvaro"]
[Black "Villa Reyes, Pablo Anselmo"]
[Result "1-0"]
[WhiteElo "1750"]
[BlackElo "1500"]
[PlyCount "67"]
[EventDate "2016.11.02"]
[EventType "swiss"]
[EventRounds "9"]
[EventCountry "COL"]
[SourceTitle "CBM 175 Extra"]
[Source "ChessBase"]
[SourceDate "2016.12.12"]
[SourceVersion "1"]
[SourceVersionDate "2016.12.12"]
[SourceQuality "1"]

1. d4 Nf6 2. Nf3 g6 3. c4 d6 4. Nc3 Bg7 5. e4 0-0 6. Be2 Nc6 7. Bg5 Nh5 8. d5 Nb4 9. a3 Na6 10. 0-0 f5 11. Nd4 Bxd4 12. Qxd4 Nf6 13. b4 c5 14. dxc6 bxc6 15. Rad1 fxe4 16. Nxe4 Nxe4 17. Qxe4 Bb7 18. c5 d5 19. Qe6+ Kg7 20. Rfe1 Nc7 21. Qh3 Bc8 22. Qh6+ Kg8 23. Bd3 Ne6 24. Bxg6 Nxg5 25. Qxg5 hxg6 26. Qxg6+ Kh8 27. Re5 Rf5 28. Rxf5 Bxf5 29. Qxf5 Qf8 30. Qh3+ Kg8 31. Rd3 Qc8 32. Qh6 e5 33. Rg3+ Kf7 34. Rg7+ 1-0